LDR 01019nam a2200253 i 4500 001 000000000713 003 CaOOAMICUS 005 20260407105905.0 008 180830s1975 it d u000 u ita u 040 $aSeMil$bita 100 1 $aBattisti, Carlo,$d<1882-1977>.$0(OLS)http://semarc/name/566 245 10$aDizionario etimologico italiano /$cCarlo Battisti, Giovanni Alessio. 264 1$aFirenze :$bUniversità degli Studi :$bBarbèra,$c1975. 300 $a5 v. ;$c22 cm. 650 4$aLingua italiana - Dizionari etimologici.$0(OLS)http://semarc/subject/170 700 1 $aAlessio, Giovanni.$0(OLS)http://semarc/name/567 774 0 $t1: [A-Ca].$w()103385 774 0 $t2: [Ca-Fa].$w()104131 774 0 $t3: [Fa-Me].$w()104129 774 0 $t4: [Me-Ra].$w()104130 774 0 $t5: [Ra-Zu].$w()104136 996 $6245$aDizionario etimologico italiano$9(OLS)http://semarc/title/1048 996 $6264$aFirenze :$bUniversità degli Studi :$bBarbèra$9(OLS)http://semarc/publisher/62979